000 00525nam a2200169Ia 4500
008 090201s9999 xx 000 0 und d
010 _aKPL-36063
040 _bमराठी
041 _aमराठी
082 _a24625
_b36063
100 _aप्रभाकर भोगले
245 _aशाली
_cप्रभाकर भोगले
260 _c2004
_bबंादोडकर पब्लिशिंग हाऊस
300 _a271
_bमोठा
600 _aशाली
942 _cBOOK
999 _c223937
_d223937